Diccionario de términos históricos de España y de la América precolombina y colonial : (Record no. 190972)
[ view plain ]
| 000 -LEADER | |
|---|---|
| campo de control de longitud fija | 01197nam a2200289 i 4500 |
| 001 - NÚMERO DE CONTROL | |
| campo de control | 190972 |
| 003 - IDENTIFICADOR DE NÚMERO DE CONTROL | |
| campo de control | ES-MaACL |
| 005 - FECHA Y HORA DE LA ÚLTIMA TRANSACCIÓN | |
| campo de control | 20240130191455.0 |
| 008 - DATOS DE LONGITUD FIJA--INFORMACIÓN GENERAL | |
| campo de control de longitud fija | 220908s2009 sp 001 0 spa |
| 020 ## - NÚMERO INTERNACIONAL ESTÁNDAR DEL LIBRO | |
| Número Internacional Estándar del Libro | 978-84-95414-62-5 |
| 040 ## - FUENTE DE CATALOGACIÓN | |
| Centro/agencia transcriptor | ES-MaACL |
| 080 ## - NÚMERO DE LA CLASIFICACIÓN DECIMAL UNIVERSAL | |
| Número de la Clasificación Decimal Universal | 94(460)(038) |
| 080 ## - NÚMERO DE LA CLASIFICACIÓN DECIMAL UNIVERSAL | |
| Número de la Clasificación Decimal Universal | 94(7/8)(038) |
| 100 1# - ENTRADA PRINCIPAL--NOMBRE DE PERSONA | |
| Nombre de persona | Romero Sáiz, Miguel, |
| Fechas asociadas al nombre | 1952- |
| Término indicativo de función/relación | Autor |
| 9 (RLIN) | 150914 |
| 245 10 - MENCIÓN DEL TÍTULO | |
| Título | Diccionario de términos históricos de España y de la América precolombina y colonial : |
| Resto del título | (prehistoria, hª antigua, medieval, moderna, contemporánea) / |
| Mención de responsabilidad, etc. | Miguel Romero Sáiz ; prólogo de Alberto de la Hera. |
| 260 ## - PUBLICACIÓN, DISTRIBUCIÓN, ETC. | |
| Lugar de publicación, distribución, etc. | Cuenca : |
| Nombre del editor, distribuidor, etc. | Alderabán, |
| Fecha de publicación, distribución, etc. | [2009] |
| 300 ## - DESCRIPCIÓN FÍSICA | |
| Extensión | 532 páginas ; |
| Dimensiones | 25 cm |
| 504 ## - NOTA DE BIBLIOGRAFÍA, ETC. | |
| Nota de bibliografía, etc. | Bibliografía: páginas 527-532 |
| 651 #4 - PUNTO DE ACCESO ADICIONAL DE MATERIA--NOMBRE GEOGRÁFICO | |
| Nombre geográfico | España- |
| Subdivisión general | Historia- |
| Subdivisión de forma | Diccionarios. |
| 9 (RLIN) | 8342 |
| 651 #7 - PUNTO DE ACCESO ADICIONAL DE MATERIA--NOMBRE GEOGRÁFICO | |
| Nombre geográfico | América- |
| Subdivisión general | Historia- |
| Subdivisión de forma | Diccionarios |
| 9 (RLIN) | 175015 |
| 700 1# - ENTRADA AGREGADA--NOMBRE PERSONAL | |
| Nombre de persona | Hera, Alberto de la. |
| 9 (RLIN) | 62625 |
| Término indicativo de función/relación | Autor de introducción |
| 852 4# - LOCALIZACIÓN | |
| Ubicación | ES-MaACL |
| Número de control de estantería | N-8031 |
| Ubicación en estantería | Depósito J |
| Encuadernación | Encuadernación: cartoné |
| Anotaciones manuscritas | Dedicatoria autógrafa del autor |
| itemnumber | 198161 |
| Donativo/Legado | Donación: Miguel Romero Sáiz |
| 903 ## - NOMBRE PERSONAL DE DONANTE | |
| a | Romero Sáiz, Miguel, |
| d | 1952- |
| e | Donante |
| 9 | 150914 |
| 942 ## - ELEMENTOS DE ENTRADA SECUNDARIOS (KOHA) | |
| Tipo de ítem Koha | Libro impreso |
| Suprimir en OPAC | No |
| Estatus retirado | Estado de pérdida | Fuente del sistema de clasificación o colocación | Estado de daño | No para préstamo | Colección | Biblioteca de origen | Biblioteca actual | Ubicación en estantería | Fecha de adquisición | Fuente de adquisición | Total de préstamos | Signatura topográfica completa | Código de barras | Visto por última vez | Tipo de ítem Koha | Nota pública |
|---|---|---|---|---|---|---|---|---|---|---|---|---|---|---|---|---|
| Clasificación decimal universal | Colección de referencia | Biblioteca del Ateneo de Madrid | Biblioteca del Ateneo de Madrid | Depósito J | 08/09/2022 | Donación | N-8031 | 101206473 | 23/02/2023 | Libro impreso | Dedicatoria autógrafa del autor |
